000 00877cam a22002893a 4500
001 7987
003 PGUSA
005 20140828083151.0
008 050401s2005||||xxu|||||s|||||000 1 eng d
040 _aPGUSA
_beng
042 _adc
050 4 _aPR
100 1 _aScott, Walter,
_d1771-1832
245 1 4 _aThe Fair Maid of Perth; Or, St. Valentine's Day
_h[electronic resource] /
_cWalter Scott
260 _bProject Gutenberg,
_c2005
506 _aPublic domain in the USA.
516 _aElectronic text
653 _aHistorical fiction
653 _aPerth (Scotland) -- Fiction
653 _aMerchants -- Fiction
653 _aScotland -- History -- Robert III, 1390-1406 -- Fiction
653 _aSocial classes -- Fiction
653 _aNobility -- Fiction
830 0 _aProject Gutenberg
_v7987
856 4 0 _uhttp://www.gutenberg.org/ebooks/7987
942 _cEB
999 _c237287
_d237287